| 000 | 01060nam a22002177a 4500 | ||
|---|---|---|---|
| 005 | 20150902145102.0 | ||
| 008 | 131113b2010 ck ||||| |||| 00| 0 spa d | ||
| 040 |
_aCO-BoIAVH _cCO-BoIAVH |
||
| 041 | _aspa | ||
| 044 | _ack | ||
| 090 |
_aIAVH _b01491 |
||
| 100 |
_92534 _aRodriguez-Olaya, Guillermo |
||
| 245 |
_aIdenficacion de la oferta floral melifera para las zonas asociadas a dos apiarios ubicados en los municipios de Garzon y La Argentina del departamento del Huila _bElaboracion de sus respectivos calendarios florales |
||
| 260 |
_aNeiva _bInstituto de Investigación de Recursos Biológicos Alexander von Humboldt _c2010 |
||
| 300 |
_a123 p. _bfiguras,graficos _c27 cm |
||
| 520 | _aEl desarrollo de la investigacion tuvo una duracion de un año de trabajo de campo,en la cual se visito las fincas de los municipio de Garzon y La Argentina, donde se realizó el seguimiento de fenologia floral. | ||
| 650 |
_aCalendarios florales _92535 |
||
| 650 |
_aApis mellifera _zHuila _932460 |
||
| 700 |
_aMarin Sanchez- Yamile _92537 |
||
| 942 |
_2z _cINFORME |
||
| 999 |
_c7797 _d7797 |
||